La resistencia /

A través de cinco cartas y un epílogo, Ernesto Sábato ofrece una reflexión sobre la vida contemporánea y los valores en que se sustenta. Con una visión existencialista y humanista, alerta sobre la importancia de resistirse al individualismo, a la competencia capitalista, la incomunicación, la masifi...

Volledige beschrijving

Bewaard in:
Bibliografische gegevens
Hoofdauteur: Sábato, Ernesto (autor)
Formaat: Boek
Taal:Spaans
Gepubliceerd in: México : Seix Barral, 2004, c2004
Onderwerpen:
Tags: Voeg label toe
Geen labels, Wees de eerste die dit record labelt!

MARC

LEADER 00000nam^a2200000^a^4500
001 000190925
005 20250621000000.0
009 20260310102510.009
020 |a 968-6941-64-9 
037 |a Acervo ITESO - Biblioteca 
041 |a ESP 
082 |a 171. 2  |b SAB 
100 |a Sábato, Ernesto  |e (autor) 
245 1 3 |a La resistencia /  |c E. Sábato. 
264 4 |a México :  |b Seix Barral,  |c 2004, c2004 
300 |a 148 p. 
336 |a texto  |b txt  |2 rdacontenido 
337 |a sin mediación  |b n  |2 rdamedio 
338 |a volumen  |b nc  |2 rdasoporte 
520 |a A través de cinco cartas y un epílogo, Ernesto Sábato ofrece una reflexión sobre la vida contemporánea y los valores en que se sustenta. Con una visión existencialista y humanista, alerta sobre la importancia de resistirse al individualismo, a la competencia capitalista, la incomunicación, la masificación, el egocentrismo, la falta de respeto al otro y, en general, a la pérdida de los valores, con miras a una mejor convivencia humana. 
545 0 |a El argentino Ernesto Sábato (1911-2011), físico y escritor de origen italiano, tiene un amplio reconocimiento no sólo literario, sino en términos de una gran figura moral. Su obra se caracteriza por un hondo contenido intelectual sobre la disputa entre el bien y el mal. Hizo su doctorado en física y cursos de filosofía en la Universidad de La Plata. Trabajó luego en el Laboratorio Joliot-Curie, en París, y abandonó definitivamente la ciencia en 1945 para dedicarse exclusivamente a la literatura. Entre los numerosos premios recibidos destacan el Premio Miguel de Cervantes de Literatura de 1984, el galardón Gabriela Mistral otorgado por la OEA y el Premio Jerusalén 1989, por citar los más destacados. Entre sus obras están las novelas: El túnel (1948); Sobre héroes y tumbas (1961), considerada la mejor novela argentina del siglo XX y Abaddón el exterminador (1974); sus ensayos: Uno y el universo (1945), Hombres y engranajes (1951), Heterodoxia (1953), El escritor y sus fantasmas (1963), Apologías y rechazos (1979) y Antes del fin (1998). Autor también del informe Nunca más, sobre los desaparecidos durante la dictadura en Argentina. 
649 |a XX 
650 |a Muerte Humana 
650 |a Bien y Mal 
650 |a Valores -  |x Tema Principal 
650 |a Comunicación Personal 
650 |a Cultura de Masas 
650 |a Tecnología y Sociedad 
650 |a Individualismo 
650 |a Globalización 
650 |a Humanismo -  |x Tema Principal 
650 |a Existencialismo -  |x Tema Principal 
650 |a Etica Política 
650 |a Modernidad y Posmodernidad 
650 |a Etica Política 
650 |a Etica 
650 |a Filosofía 
910 |a Fondo General 
920 |a Impresos - Libros 
930 |a Colección General 
905 |a 101 
901 |a 0500133916  |b IT1  |c LIT  |u 20250521 
901 |a 0500319853  |b IT1  |c ACC  |d DT  |i D108267  |u 20250621 
901 |a 0500170885  |b IT1  |c ACC  |u 20250521 
902 |a https://opac.biblio.iteso.mx/vufind/Record/000190925